Ročné zúčtovanie poistného na verejné zdravotné poistenie za rok 2005
Článok nadväzuje na príspevok uverejnený v predchádzajúcom čísle - ÚAD č. 3. Kto musí podať ročné zúčtovanie poistného. Tlačivá ročného zúčtovania. Jednotlivé typy tlačív. Zásady pre ročné zúčtovanie poistného.
Na minha lista:
| Autor principal: | |
|---|---|
| Formato: | Capítulo de Livro |
| Idioma: | eslovaco |
| Assuntos: | |
| Tags: |
Sem tags, seja o primeiro a adicionar uma tag!
|
MARC
| LEADER | 00000naa$a2200000$$$4500 | ||
|---|---|---|---|
| 001 | 0041360 | ||
| 005 | 20231106093152.9 | ||
| 041 | 0 | |a slo | |
| 044 | |a SK | ||
| 245 | 1 | 0 | |a Ročné zúčtovanie poistného na verejné zdravotné poistenie za rok 2005 |c Zuzana Földesová Motajová |
| 520 | |a Článok nadväzuje na príspevok uverejnený v predchádzajúcom čísle - ÚAD č. 3. Kto musí podať ročné zúčtovanie poistného. Tlačivá ročného zúčtovania. Jednotlivé typy tlačív. Zásady pre ročné zúčtovanie poistného. | ||
| 610 | 2 | 0 | |a poistenie zdravotné |
| 610 | 2 | 0 | |a poistné |
| 610 | 2 | 0 | |a zúčtovanie |
| 610 | 2 | 0 | |a 2005 |
| 100 | 1 | |a Földesová Motajová, Zuzana | |